Datum a čas kvízu
17.5
Celkem bodů
Celkový počet nahraných bodů na tomto kvízu bez doplňovacích otázek.
11.
Pořadí na kvízu
Konečné umístění týmu na tomto kvízu.
Zaznamenané odpovědi
| # | Otázka | Odpověď | Body | Výsledky |
|---|---|---|---|---|
| 1. | Jak se jmenuje hejtman, který... | Jan Krkoška, Moravskoslezský kraj | 0 | |
| 2. | Ve středu byl zveřejněn žebříč... | Finsko | 1 | |
| 3. | Jak se nazývá známé pražské di... | Ypsilon | 0 | |
| 4. | Týmu lékařů z nemocnice v amer... | o ledvině | 0 | |
| 5. | Ester Ledecká si k sobotním n... | 29. narozeniny (28. a 30. za půl bodu) | 0 | |
| 6. | Toto literární téma vyhrálo mi... | Sto roků samoty | 0 | |
| 7. | Dívka Fern jednoho dne pozoruj... | Šarlotina pavučinka, E. B. White | 0.5 | |
| 8. | Přiřaďte klasická díla ruské l... | 1C 2B 3D 4A | 0 | |
| 9. | Jedna z nejprodávanějších knih... | Anne Frank | 1 | |
| 10. | Na závěr se zaměříme na novějš... | Zmizelá | 0 |